Southville International School and Colleges
Your cart is empty.
  • Cart
  • Lists
    Public lists Eva Luna New books Lux_list list_1
    Your lists Log in to create your own lists
  • Log in to your account
  • Your cookies
  • Search history
Southville International School and Colleges
  • Advanced search
  • Recent comments
  • Most popular
  • Libraries

Log in to your account

Log in with GOOGLE


If you do not have an external account, but do have a local account, you can still log in:

  1. Home
  2. MARC view: Differentiating instruction in the regular classroom :
Normal view MARC view ISBD view

Differentiating instruction in the regular classroom : (Record no. 48649)

[ view plain ]
MARC details
000 -LEADER
fixed length control field 00761nam a2200217Ia 4500
008 - FIXED-LENGTH DATA ELEMENTS--GENERAL INFORMATION
fixed length control field 140321s9999 xx 000 0 und d
020 ## - INTERNATIONAL STANDARD BOOK NUMBER
International Standard Book Number 9781575424163
050 ## - LIBRARY OF CONGRESS CALL NUMBER
Classification number LB 1031
Item number .H39 2012
100 ## - MAIN ENTRY--PERSONAL NAME
Personal name Heacox, Diane
245 ## - TITLE STATEMENT
Title Differentiating instruction in the regular classroom :
Remainder of title how to reach and teach all learners /
Statement of responsibility, etc Diane Heacox.
250 ## - EDITION STATEMENT
Edition statement Updated anniversary ed.
260 ## - PUBLICATION, DISTRIBUTION, ETC. (IMPRINT)
Place of publication, distribution, etc Minnesota :
Name of publisher, distributor, etc Free Spirit Pub.,
Date of publication, distribution, etc c2012.
300 ## - PHYSICAL DESCRIPTION
Extent 167 p. :
Other physical details ill. ;
Dimensions 28 cm.
Accompanying material + 1 CD-ROM (4 3/4 in.)
500 ## - GENERAL NOTE
General note Includes bibliographical references and index.
521 ## - TARGET AUDIENCE NOTE
Target audience note
650 ## - SUBJECT ADDED ENTRY--TOPICAL TERM
Topical term or geographic name as entry element Cognitive styles in children.
650 ## - SUBJECT ADDED ENTRY--TOPICAL TERM
Topical term or geographic name as entry element Individualized instruction.
650 ## - SUBJECT ADDED ENTRY--TOPICAL TERM
Topical term or geographic name as entry element Mixed ability grouping in education.
942 ## - ADDED ENTRY ELEMENTS (KOHA)
Call number prefix Foreign
Koha item type Books
Holdings
Withdrawn status Lost status Damaged status Home library Current library Shelving location Date acquired Total Checkouts Full call number Barcode Date last seen Price effective from Koha item type
Withdrawn     College Library College Library Reserve Section 03/21/2014   LB 1031 .H39 2012 C17932 10/05/2014 03/21/2014 Books

Differentiating instruction in the regular classroom :

APA

Heacox D., . (2012). Differentiating instruction in the regular classroom. Minnesota: Free Spirit Pub.

Chicago

Heacox Diane, . 2012. Differentiating instruction in the regular classroom. Minnesota: Free Spirit Pub.

Harvard

Heacox D., . (2012). Differentiating instruction in the regular classroom. Minnesota: Free Spirit Pub.

MLA

Heacox Diane, . Differentiating instruction in the regular classroom. Minnesota: Free Spirit Pub. 2012.

  • Print
  • Cite
  • Add to your cart (remove)
  • Save record
    BIBTEX Dublin Core MARCXML MARC (non-Unicode/MARC-8) MARC (Unicode/UTF-8) MARC (Unicode/UTF-8, Standard) MODS (XML) RIS
  • More searches
    Search for this title in:
    Other Libraries (WorldCat) Other Databases (Google Scholar) Online Stores (Bookfinder.com) Open Library (openlibrary.org)

Exporting to Dublin Core...

SOUTHVILLE LIBRARY

Southville International School and Colleges Library

1281 Tropical Ave. Cor. Luxembourg St., BF Homes International, Las Pinas City

Tel. No. 8256374 / 252358 Loc. 117/146

Powered by Koha